书目信息 |
| 题名: |
西方美学史
|
|
| 作者: | 朱光潜 著 | |
| 分册: | 上卷 | |
| 出版信息: | 北京 人民出版社 1979 |
|
| 页数: | 348页 | |
| 开本: | 20cm | |
| 丛书名: | ||
| 单 册: | ||
| 中图分类: | B83-095 , B83-09 | |
| 科图分类: | ||
| 主题词: | 美学史--西方国家--高等学校--教材 | |
| 电子资源: | ||
| ISBN: | ||
| 000 | 00655nam0 2200253 45 | |
| 001 | 1254740797 | |
| 005 | 20090928093133.67 | |
| 010 | @dCNY0.85 | |
| 091 | @aCN@b10019.1743 | |
| 100 | @a19950713d1979 em y0chiy0121 ea | |
| 101 | 0 | @achi |
| 102 | @aCN@b110000 | |
| 105 | @ay z 000yy | |
| 200 | 10 | @a西方美学史@Axi fang mei xue shi@h上卷@f朱光潜著 |
| 205 | @a2版 | |
| 210 | @a北京@c人民出版社@d1979 | |
| 215 | @a348页@d20cm | |
| 300 | @a高等学校文科教材 | |
| 606 | 0 | @a美学史@y西方国家@x高等学校@x教材 |
| 690 | @aB83-095@v3 | |
| 690 | @aB83-09@v4 | |
| 701 | 0 | @a朱光潜@Azhu guang qian@4著 |
| 801 | 0 | @aCN@bTSSF |
| 905 | @a10447@dB83-09@eJY1:1 | |
| 西方美学史.上卷/朱光潜著.-2版.-北京:人民出版社,1979 |
| 348页;20cm |
| 高等学校文科教材 |
| ISBN :CNY0.85 |
| ● |
| 相关链接 |
|
|
|
|
正题名:西方美学史
索取号:B83-09/JY1:1
 
预约/预借
| 序号 | 登录号 | 条形码 | 馆藏地/架位号 | 状态 | 备注 |
| 1 | 7829957 | 278299574 | 学院路分馆/ [索取号:B83-09/JY1:1] | 在馆 | |
| 2 | 7829958 | 278299583 | 学院路分馆/ [索取号:B83-09/JY1:1] | 在馆 |